Statistics for A lot of Disney characters

Click here to take the quiz!

General Stats

  • This quiz has been taken 79 times
  • The average score is 44 of 104

Answer Stats

NUMBERMOVIECHARACTERS% Correct
1Lion King 1&2Simba
97%
19Bambi 1&2Bambi
95%
27Cinderella 1&2Cinderella
94%
42Snow Whitesnow white
92%
99Lady and the TrampLady
89%
2Nala
89%
7Scar
87%
47sleepy
87%
54Sleeping Beautyaurora
85%
76DumboDumbo
84%
50grumpy
84%
21Thumper
84%
100tramp
84%
12Timon
82%
44doc
81%
49dopey
81%
4Mufasa
81%
93PinocchioPinocchio
81%
64baloo
79%
48sneezy
79%
46happy
77%
63The Jungle Book 1&2mowgli
77%
29Prince Charming
77%
45bashful
76%
20Flower
69%
55maleficent
69%
82pongo
69%
36gus
68%
11Pumbaa
66%
8Zazu
65%
10Rafiki
63%
94jiminy Cricket
61%
32Anastasia
60%
33fairy godmother
55%
56prince philip
55%
67shere khan
55%
65bagheera
53%
31Drizella
53%
35lucifer
53%
66kaa
52%
62merryweather
52%
60fauna
50%
61flora
50%
43queen
50%
5Sarabi
50%
14Ed
48%
95geppetto
47%
30Jaq
45%
83perdita
42%
81101 dalmationscruella de ville
40%
28Step mother
37%
96blue fairy
35%
13Shenzi
35%
38bruno
34%
3Kiara
34%
53magic mirror
34%
84anita
32%
15Banzai
31%
102jock
31%
6Kovu
31%
77mrs jumbo
31%
52the prince
31%
23Faline
27%
79timothy q mouse
26%
104trusty
26%
87lucky
24%
68akela
23%
24Bambis mother
23%
85jasper
23%
88patch
23%
37the king
21%
16Zira
21%
9Sarafina
19%
18Nuka
16%
90rolly
16%
89 | 92spot
16%
101aunt sarah
15%
34grand duke
15%
17Vitani
15%
86rodger
13%
26Ronno
13%
69colonel hathi
11%
25Friend owl
11%
73Shanti
11%
78mr stork
10%
70raksha
10%
41beatrice
6%
40daphne
6%
39pom pom
6%
80the ringmaster
6%
91dipstick
5%
97candlewick
3%
72father wolf
3%
57king david
3%
74ranjan
3%
98the coachman
3%
51brighton
2%
103dachsie
2%
22Great Prince of the forrest
2%
58king henry
2%
59knotgrass
2%
71tabaqui
2%
75ranjans father
0%

Score Distribution

Percentile by Number Answered

Percent of People with Each Score

Your Score History

You have not taken this quiz